Statistiques concernant Rois et reines les plus riches du monde (en 2016)

Cliquez ici pour prendre le quiz!

Statistiques générales

  • Ce quiz a été pris 141 fois
  • Le résultat moyen est 8 sur 12

Statistiques - réponses

Fortune (en €)Monarque/Pays% Correct
473 millionsElisabeth II (Royaume-Uni)
96%
21 milliardsSalmane ben Abdelaziz Al Saoud (Arabie saoudite)
83%
1,8 milliardsTamim ben Hamad Al Thani (Qatar)
79%
27 milliardsRama X (Thaïlande)
69%
18 milliardsHassanal Bolkiah (Brunei)
68%
636 millionsQabus ibn Saïd (Oman)
68%
910 millionsAlbert II (Monaco)
66%
200 millionsGuillaume-Alexandre (Pays-Bas)
66%
16 milliardsKhalifa ben Zayed Al Nahyane (Emirats arabes unis)
63%
1,9 milliardsMohammed VI (Maroc)
62%
3,2 milliardsHans-Adam II (Liechtenstein)
34%
91 millionsMswati III (Swaziland)
25%

Distribution des résultats

Percentile par nombre de réponses

% des personnes avec chaque résultat

Votre développement - résultats

Vous n’avez pas pris ce quiz